Welcome to WEB OPAC of MRSPTU Central Library

Bioinformatics Concepts, Skills and Applications (Record no. 7462)

MARC details
000 -LEADER
fixed length control field 00474nam a2200181Ia 4500
008 - FIXED-LENGTH DATA ELEMENTS--GENERAL INFORMATION
fixed length control field 230711s9999||||xx |||||||||||||| ||und||
020 ## - INTERNATIONAL STANDARD BOOK NUMBER
International Standard Book Number 81-239-1482-2
041 ## - LANGUAGE CODE
Language code of text/sound track or separate title ENG
082 ## - DEWEY DECIMAL CLASSIFICATION NUMBER
Classification number 572.86
Item number RA-B
100 ## - MAIN ENTRY--PERSONAL NAME
Personal name Rastogi,S.C
245 #0 - TITLE STATEMENT
Title Bioinformatics Concepts, Skills and Applications
250 ## - EDITION STATEMENT
Edition statement 2nd Ed.
260 ## - PUBLICATION, DISTRIBUTION, ETC.
Date of publication, distribution, etc. 2006
Place of publication, distribution, etc. New Delhi
Name of publisher, distributor, etc. CBS Publishers & Distributors Pvt.Ltd
300 ## - PHYSICAL DESCRIPTION
Extent 426p.
650 ## - SUBJECT ADDED ENTRY--TOPICAL TERM
Topical term or geographic name entry element Chemistry
700 ## - ADDED ENTRY--PERSONAL NAME
Personal name Mendiratta,Namita
942 ## - ADDED ENTRY ELEMENTS (KOHA)
Koha item type Book
Holdings
Withdrawn status Lost status Damaged status Not for loan Collection Home library Current library Date acquired Source of acquisition Cost, normal purchase price Inventory number Total checkouts Full call number Barcode Date last seen Price effective from Koha item type Date due Date last checked out
          MRSPTU Central Library MRSPTU Central Library   Krishna Book Distributors 525.00 KBD/19-20/1122543616   572.86 RA-B P1627 08/17/2023 08/17/2023 Book    
          MRSPTU Central Library MRSPTU Central Library   Krishna Book Distributors 525.00 KBD/19-20/1122543616 2 572.86 RA-B P1628 09/25/2025 08/17/2023 Book 06/15/2026 09/25/2025

Website Designed and Developed by MRSPTU Central Library Team

E-mail Id: librarian@mrsptu.ac.in